Normal view
MARC view
Entry Personal Name
001 - CONTROL NUMBER
- control field: 40943
003 - CONTROL NUMBER IDENTIFIER
- control field: OSt
005 - DATE AND TIME OF LATEST TRANSACTION
- control field: 20160227141123.0
008 - FIXED-LENGTH DATA ELEMENTS
- fixed length control field: 160227|| aca||aabn | a|a d
040 ## - CATALOGING SOURCE
- Original cataloging agency: OSt
- Transcribing agency: OSt
100 ## - HEADING--PERSONAL NAME
- Personal name: डॉ वेदप्रकाश शास्त्री
670 ## - SOURCE DATA FOUND
- Source citation: Work cat.: (OSt)27602: डॉ वेदप्रकाश शास्त्री , दक्खिनी का गघ साहित्य , 1982









